000 00955cam a2200301 i 4500
001 3166709
003 ARRUPE
005 20161108081523.0
008 750701s1974 enk b 000 0 eng
010 _a 75317316
015 _aGB75-06169
020 _a0281027951 :
_c£2.50.
_a0281028044
040 _aDLC
_cDLC
_dDLC
041 1 _aengger
050 0 0 _aBT701.2
_b.M5613 1974b
082 0 0 _a233
100 1 _aMoltmann, Jürgen.
_927283
240 1 0 _aMensch.
_lEnglish
245 1 0 _aMan :
_bChristian anthropology in the conflicts of the present /
_cJürgen Moltmann ; translated [from the German] by John Sturdy.
260 _aLondon :
_bS.P.C.K.,
_c1974.
300 _axi, 124 p. ;
_c21 cm.
500 _aTranslation of Mensch.
504 _aIncludes bibliographical references.
650 0 _aMan (Theology)
_927284
700 _aSturdy, John
_qtr.
_927330
906 _a7
_bcbc
_corignew
_d3
_encip
_f19
_gy-gencatlg
942 _2lcc
_cMONOGRAPH
999 _c125671
_d125671